000 00632nam a2200229Ia 4500
003 OSt
005 20220918214135.0
006 a|||||r|||| 00| 0
007 ta
008 220917b |||||||| |||| 00| 0 eng d
024 _a136,014
037 _cTextual
040 _aARTS
_cARTS
_beng
041 _2eng
_aeng
082 _aX755.1(Y:4).N5, K6
100 _aArnold H J P
_9129982
245 0 _aAid for development
_b a political and economic study
260 _aLondon
_bThe Bodley Head
_c1966
650 _aECONOMICS
942 _hX755.1(Y:4).N5, K6
_cTEXL
_2CC
999 _c259104
_d259104